Представление документа в формате MARC21

Поле Инд. ПП Название Значение
Тип записи a
Библиографический уровень m
001 Контрольный номер 1aeb6740-5aab-418f-ae12-b5a634df3ee0
005 Дата корректировки 20210406132941.4
008 Кодируемые данные 000621 d
020 a ISBN 5-7331-0148-2
c Цена, тираж 55.00
040 a Служба первич. каталог. НБ ТвГУ
041 0_ a Код языка текста rus
080 a Индекс УДК 882.09
a Индекс УДК 929Пушкин
084 a Индекс другой классификации/Индекс ББК Ш5(2=411.2)51-4Пушкин А.С.457
090 x Авторский знак Г22
a Полочн. индекс Ш5(2=411.2)
100 1_ a Автор Гаспаров Борис Михайлович
245 0_ a Заглавие Поэтический язык Пушкина как факт истории русского литературного языка
c Ответственность Б.М. Гаспаров
260 0_ a Место издания СПб.
b Издательство Академический Проект
c Дата издания 1999
300 a Объем 396,[1] с.
440 _0 a Серия Соврем. запад. русистика
490 0_ v N тома Т. 27
504 a Библиография Библиогр.: с.361-386. - Указ. произведений Пушкина: с.387-397.
583 a Действие Получение впервые 150 03.05.2000
k Исполнитель действия Мегапроект "Пушкинская библиотека"
650 04 a Основная рубрика Пушкин, Александр Сергеевич, о нем
650 04 a Основная рубрика Русская литература
x Основная подрубрика Язык и стиль
653 0_ a Ключевые слова Пушкин Александр Сергеевич
a Ключевые слова Русская литература
a Ключевые слова Язык Пушкина
a Ключевые слова Поэтический язык Пушкина
a Ключевые слова Поэты
a Ключевые слова Русские поэты
a Ключевые слова Персоналии
a Ключевые слова История русского литературного языка
a Ключевые слова Эсхатологические мотивы
a Ключевые слова 19 в.
852 41 t Порядковый номер экземпляра 1
p Инвентарный номер 722325
852 41 t Порядковый номер экземпляра 1
p Инвентарный номер 722326
888 a За счет средств университета /частично/
901 t Тип документа m
930 a Новая/Ретро персоналии
952 p 150.2000 55.00 1 722325
p 150.2000 55.00 1 722326
c Вид литературы К рн
954 a Дата поступления на обработку 20000523
999 a Подразделение 2 ч.з.
a Подразделение 2 аб.